[Event "Pinerolo op"]
[Site "Pinerolo"]
[Date "2009.11.14"]
[Round "2"]
[White "Topczewski, Damian"]
[Black "Porzio, Franco"]
[Result "1-0"]
[WhiteElo "2123"]
[BlackElo "1710"]
[PlyCount "49"]
[EventDate "2009.11.13"]
[EventType "swiss"]
[EventRounds "5"]
[EventCountry "ITA"]
[SourceTitle "EXT 2012"]
[Source "ChessBase"]
[SourceDate "2011.11.24"]
[SourceVersion "1"]
[SourceVersionDate "2011.11.24"]
[SourceQuality "1"]

1. e4 e5 2. d4 exd4 3. Nf3 Nc6 4. Bc4 Nf6 5. e5 d5 6. Bb5 Ne4 7. Nxd4 Bd7 8. Bxc6 bxc6 9. 0-0 Be7 10. f3 Nc5 11. Be3 0-0 12. f4 f6 13. Nd2 fxe5 14. fxe5 Ne6 15. N2b3 Bg5 16. Qd2 Bxe3+ 17. Qxe3 Qe7 18. c3 a5 19. a4 Rxf1+ 20. Rxf1 c5 21. Nxe6 Qxe6 22. Nxc5 Qb6 23. e6 Bxa4 24. Qf2 Bb5 25. Qf7+ 1-0

[Event "Turin Piemonte op 9th"]
[Site "Turin"]
[Date "2009.09.20"]
[Round "4"]
[White "Ghisio, Paolo"]
[Black "Porzio, Franco"]
[Result "1-0"]
[WhiteElo "1288"]
[BlackElo "1749"]
[PlyCount "65"]
[EventDate "2009.09.18"]
[EventType "swiss"]
[EventRounds "5"]
[EventCountry "ITA"]
[SourceTitle "EXT 2012"]
[Source "ChessBase"]
[SourceDate "2011.11.24"]
[SourceVersion "1"]
[SourceVersionDate "2011.11.24"]
[SourceQuality "1"]

1. e4 e5 2. Nf3 Nf6 3. d3 Nc6 4. Nc3 d5 5. exd5 Nxd5 6. Nxd5 Qxd5 7. Qe2 Bc5 8. Bf4 0-0 9. Bd2 Bg4 10. c4 Qd6 11. Qe4 Bh5 12. Be2 Rad8 13. 0-0 Bg6 14. Qh4 Bxd3 15. Bxd3 Qxd3 16. Rad1 Qg6 17. Rfe1 Rfe8 18. Nxe5 Nxe5 19. Rxe5 Bxf2+ 20. Kxf2 Qc2 21. Rxe8+ Rxe8 22. Qg4 f5 23. Qf3 g5 24. Qd5+ Kg7 25. Re1 Re4 26. Rxe4 fxe4 27. Qxg5+ Kf7 28. Kg3 Qd3+ 29. Qe3 Qd6+ 30. Qf4+ Ke6 31. Qxd6+ cxd6 32. Kf4 d5 33. g4 1-0

[Event "Turin Piemonte op 9th"]
[Site "Turin"]
[Date "2009.09.19"]
[Round "2"]
[White "Ravazzolo, Gildo"]
[Black "Porzio, Franco"]
[Result "0-1"]
[WhiteElo "1692"]
[BlackElo "1749"]
[PlyCount "142"]
[EventDate "2009.09.18"]
[EventType "swiss"]
[EventRounds "5"]
[EventCountry "ITA"]
[SourceTitle "EXT 2012"]
[Source "ChessBase"]
[SourceDate "2011.11.24"]
[SourceVersion "1"]
[SourceVersionDate "2011.11.24"]
[SourceQuality "1"]

1. d4 d5 2. Bf4 Nf6 3. e3 c5 4. Nf3 Bg4 5. Be2 e6 6. Nbd2 Be7 7. h3 Bh5 8. 0-0 0-0 9. c3 Nc6 10. Rc1 c4 11. b3 Ba3 12. bxc4 Bxc1 13. Qxc1 dxc4 14. Bxc4 Rc8 15. Bg5 a6 16. g4 Bg6 17. Nh4 Qa5 18. Nxg6 hxg6 19. f4 Nd5 20. Ne4 Qc7 21. f5 Na5 22. Bxd5 exd5 23. Bf4 Qc6 24. Ng5 gxf5 25. gxf5 Qf6 26. Qc2 Nc4 27. h4 Rfe8 28. Rf3 Nd6 29. Qf2 Ne4 30. Nxe4 dxe4 31. Be5 Qh6 32. Rg3 f6 33. Rg6 Qh5 34. Bxf6 Qd1+ 35. Kh2 Rxc3 36. Rxg7+ Kf8 37. Rg8+ Kf7 38. Rg1 Rc2 39. Rxd1 Rxf2+ 40. Kg3 Rxf5 41. Bg5 Rg8 42. Kg4 Rf3 43. Kh5 Ke6 44. d5+ Kf5 45. Kh6 Rg6+ 46. Kh7 Rd6 47. Kg7 Ke5 48. Bf4+ Rxf4 49. exf4+ Kxf4 50. h5 Rd7+ 51. Kf6 e3 52. h6 e2 53. Re1 Kg3 54. Ke6 Rh7 55. d6 Rxh6+ 56. Ke7 Kf2 57. Rxe2+ Kxe2 58. d7 Rh7+ 59. Kd6 Rh1 60. Kc7 Rd1 61. a4 b5 62. a5 b4 63. d8Q Rxd8 64. Kxd8 b3 65. Kc7 b2 66. Kb7 b1Q+ 67. Kxa6 Kd3 68. Ka7 Qg1+ 69. Kb7 Qb1+ 70. Ka7 Kc4 71. a6 Qb5 0-1

[Event "Turin Piemonte op 8th"]
[Site "Turin"]
[Date "2008.09.19"]
[Round "1"]
[White "Mangione, Claudio"]
[Black "Porzio, Franco"]
[Result "1-0"]
[WhiteElo "2067"]
[BlackElo "1592"]
[PlyCount "91"]
[EventDate "2008.09.19"]
[EventType "swiss"]
[EventRounds "6"]
[EventCountry "ITA"]
[SourceTitle "EXT 2011"]
[Source "ChessBase"]
[SourceDate "2010.11.26"]
[SourceVersion "1"]
[SourceVersionDate "2010.11.26"]
[SourceQuality "1"]

1. d4 d5 2. c4 e6 3. Nf3 Nf6 4. g3 c6 5. Bg2 Nbd7 6. Qc2 Be7 7. 0-0 0-0 8. b3 Re8 9. Bb2 Ne4 10. Nc3 Ndf6 11. Nxe4 Nxe4 12. Ne5 Nf6 13. Rad1 Qc7 14. e3 Nd7 15. cxd5 exd5 16. Bxd5 Nxe5 17. dxe5 Bg4 18. Rd4 Bh3 19. Rfd1 Qb6 20. Bc4 c5 21. Rd5 Qc6 22. a4 a6 23. a5 Rad8 24. e4 Qg6 25. Qd3 h5 26. Qe3 h4 27. Bc3 Qg4 28. Be2 Qe6 29. R1d3 hxg3 30. hxg3 Bg4 31. Bf1 Qg6 32. Bg2 Bg5 33. f4 Rxd5 34. exd5 Be7 35. Be1 c4 36. Rc3 cxb3 37. Rxb3 Qc2 38. Rc3 Qd1 39. Rc1 Qa4 40. Kh2 Qb5 41. Qe4 Qb2 42. Rb1 Qa2 43. Rxb7 Bc5 44. e6 f6 45. Qg6 Be7 46. Qxe8+ 1-0